| 000 | 00561nam a2200181Ia 4500 | ||
|---|---|---|---|
| 008 | 090630s9999 xx 000 0 und d | ||
| 082 | _b13586 | ||
| 100 | _aकर्णिक हेमंत. | ||
| 245 |
_aवेगवान. _cकर्णिक हेमंत. |
||
| 260 |
_bमनमोहिनी. _c1987 |
||
| 300 | _a172 | ||
| 600 | _aकर्णिक हेमंत. | ||
| 630 | _aवेगवान. | ||
| 655 | _aकादंबरी. | ||
| 700 | _aकर्णिक हेमंत. | ||
| 730 | _aवेगवान. | ||
| 942 | _cBOOK | ||
| 999 |
_c265442 _d265442 |
||